| 000 | 00438 a2200085 4500 | ||
|---|---|---|---|
| 999 |
_c21626 _d21626 |
||
| 003 | WA 310 | ||
| 005 | 20211215140851.0 | ||
| 008 | 211215s2010 pl |||f u||| 000 0 eng d | ||
| 020 | _a9788325196110 | ||
| 040 |
_aWA 310 _cWA 310 |
||
| 041 |
_aeng _hpol |
||
| 245 | 0 | 0 |
_aDotyczy PN-EN 55014-1:2007 - Kompatybilność elektromagnetyczna - Wymagania dotyczące przyrządów powszechnego użytku, narzędzi elektrycznych i podobnych urządzeń - Część 1: Emisja = _bElectromagnetic compatibility - Requirements for household appliances, electric tools and similar apparatus - Part 1: Emission PN-EN 55014-1:2007/A1:2010E / _cKT nr 104. |
| 246 | 1 | 3 | _aPN-EN 55014-1:2007/A1 |
| 246 | 1 | 3 | _aICS 33.100.10 |
| 246 | 1 | 3 | _aZmiana do Polskiej Normy |
| 246 | 3 | 1 | _aElectromagnetic compatibility - Requirements for household appliances, electric tools and similar apparatus - Part 1: Emission |
| 260 |
_aWarszawa : _bPKN, _c2010. |
||
| 300 |
_a30 stron ; _c30 cm. |
||
| 336 |
_2rdacontent _aTekst _btxt |
||
| 337 |
_2rdamedia _aBez urządzenia pośredniczącego _bn |
||
| 338 |
_2rdacarrier _aWolumin _bnc |
||
| 500 | _aWprowadza EN 55014-1:2006/A1:2009, IDT ; Zatwierdzona 28 stycznia 2010 r. | ||
| 500 | _aZmiana do Normy Europejskiej EN 55014-1:2006/A1:2009 […] ma status Zmiany do Polskiej Normy. | ||
| 590 | _6Status: wycofana. | ||
| 710 |
_91107 _aPolska. _bPolski Komitet Normalizacyjny. |
||
| 920 | _a978-83-251-9611-0 | ||
| 942 |
_2ddc _cBK |
||